书目信息 |
| 题名: |
区域开发与可持续发展
|
|
| 作者: | 余欣荣 著 | |
| 分册: | ||
| 出版信息: | 北京 中国大地出版社 2001.12 |
|
| 页数: | 291页 | |
| 开本: | 18cm | |
| 丛书名: | ||
| 单 册: | ||
| 中图分类: | X22 | |
| 科图分类: | ||
| 主题词: | 环境--综合研究 | |
| 电子资源: | ||
| ISBN: | 7-80097-483-9 | |
| 000 | 00667nam0 2200205 45 | |
| 001 | 0432625714 | |
| 005 | 2004060909034524 | |
| 010 | @a7-80097-483-9@dCNY 25.00 | |
| 100 | @a20040609d2001 km y0chiy0120 ea | |
| 101 | 0 | @achi |
| 102 | @aCN@b110000 | |
| 200 | 1 | @a区域开发与可持续发展@AQu Yu Kai Fa Yu Ke Chi Xu Fa Zhan@e以鄱阳湖区开发研究为实例@f余欣荣著@FYu Xin Rong Zhu |
| 210 | @a北京@c中国大地出版社@d2001.12 | |
| 215 | @a291页@d18cm | |
| 517 | @a以鄱阳湖区开发研究为实例@AYi Po Yang Hu Qu Kai Fa Yan Jiu Wei Shi Li | |
| 606 | 0 | @a环境@x综合研究 |
| 690 | @aX22@v3 | |
| 701 | 0 | @a余欣荣@AYu Xin Rong@4著 |
| 801 | 0 | @aCN@bPFT@c20040609 |
| 905 | @a安徽大学@dX22@eY772 | |
| 区域开发与可持续发展:以鄱阳湖区开发研究为实例/余欣荣著.-北京:中国大地出版社,2001.12 |
| 291页;18cm |
| ISBN 7-80097-483-9:CNY 25.00 |
| ● |
| 相关链接 |
|
|
|
正题名:区域开发与可持续发展
索取号:X22/Y772
 
预约/预借
| 序号 | 登录号 | 条形码 | 馆藏地/架位号 | 状态 | 备注 |
| 1 | 379232 | 203792324 | 自科库501/501自科库 64排7列2层/ [索取号:X22/Y772] | 在馆 | |
| 2 | 379233 | 203792333 | 自科库501/501自科库 64排7列2层/ [索取号:X22/Y772] | 在馆 |